|
|
|
|
| LEADER |
00000nab a2200000 a 4500 |
| 001 |
vtls000755604 |
| 003 |
SK-MaSNL |
| 005 |
20260304132913.0 |
| 008 |
250429c2000 xo 0 slo |
| 015 |
|
|
|a SNBRB2001/04-13789
|
| 035 |
|
|
|a CLN000107391
|
| 035 |
|
|
|a (urnnbn)urn:nbn:sk:snk:ar-002duv
|
| 035 |
|
|
|a (uuid)5e608698-7303-437b-ac52-1305ee9d5938
|
| 035 |
|
|
|a urn:nbn:sk:snk-ab7s45
|
| 040 |
|
|
|a SNKBUCL
|b slo
|c SNKBUCL
|e AACR2
|
| 041 |
0 |
|
|a slo
|
| 044 |
|
|
|a xo
|c SK
|
| 080 |
|
|
|a 793.31:784.4
|2 1997
|
| 080 |
|
|
|a 784.4
|2 1997
|
| 080 |
|
|
|a 008(73=854)
|2 1997
|
| 100 |
1 |
|
|a Važanová, Jadranka
|4 aut
|9 12558
|
| 245 |
1 |
0 |
|a Slovenský ľudový tanečný súbor v New York City a jeho miesto v kultúrnom živote slovenskej komunity
|c Jadranka Važanová
|
| 504 |
|
|
|a Res. angl.
|
| 504 |
|
|
|a Pozn.
|
| 610 |
|
7 |
|a Limbora (folklórny súbor : New York, N.Y.)
|x dejiny
|2 snkbucl
|9 1449064
|
| 650 |
0 |
7 |
|a Slováci
|z Spojené štáty americké
|x kultúra
|2 snkbucl
|9 1449065
|
| 650 |
0 |
7 |
|a kultúra slovenská
|z Spojené štáty americké
|2 snkbucl
|9 1449066
|
| 655 |
|
7 |
|a články z novín a časopisov
|2 snkbucl
|9 267496
|
| 773 |
0 |
|
|t Slovenská hudba
|g Roč. 26, č. 3 (2000), s. 369-376
|x 1335-2458
|
| 850 |
|
|
|a Slovenská národná knižnica
|
| 852 |
|
|
|a Slovenská národná knižnica
|
| 954 |
|
|
|a odborná, vedecká literatúra pôvodná (slovenská)
|2 lita
|
| 958 |
|
|
|a article9
|
| 958 |
|
|
|a SK
|
| 958 |
|
|
|a US
|
| 958 |
|
|
|a OND
|
| 958 |
|
|
|a EUIPO
|
| 992 |
|
|
|a RBX
|
| 999 |
|
|
|c 2899797
|d 2901727
|